Statistics for Fill the World Map by Half-Size Area Chain of Countries

Click here to take the quiz!

General Stats

  • This quiz has been taken 4,427 times
  • The average score is 45 of 196

Answers on the Map

Answers color-coded by a green-red scale on the quiz's map according to % correct below.
 

Answer Stats

%AreaCountry% Correct
R17098242Russia . B
100%
49.8%8515767Brazil . I
82%
37.2%3166414India . M
78%
49.4%1564110Mongolia . T
68%
50.1%783562Turkey . Z
64%
49.9%390757Zimbabwe . S
62%
C9984670Canada . A
59%
C9640821China . K
53%
U9526468United States . A
53%
27.8%2780400Argentina . P
52%
46.2%1285216Peru . F
50%
49.8%640679France . C
49%
A7692024Australia . D
48%
50.3%196722Senegal . S
48%
28.3%2724900Kazakhstan . C
47%
25.0%2381741Algeria . S
44%
47.1%1284000Chad . S
43%
I1904569Indonesia . T
41%
21.8%0.44Vatican City . C
41%
30.5%2344858Democratic Republic
of the Congo . C
40%
S2149690Saudi Arabia . B
39%
50.9%100210South Korea . C
39%
M1964375Mexico . E
38%
51.3%1221037South Africa . U
38%
9.6%2.02Monaco . V
37%
49.4%603500Ukraine . I
36%
48.7%1141748Colombia . K
35%
49.7%637657Somalia . N
35%
51.1%1098581Bolivia . Y
34%
51.0%51100Costa Rica . M
34%
49.9%301336Italy . B
34%
50.8%580367Kenya . E
33%
S1886068Sudan . N
33%
48.1%527968Yemen . G
33%
51.0%1002450Egypt . S
32%
L1759540Libya . P
32%
I1648195Iran . N
31%
80.8%21Nauru . M
31%
50.8%323802Norway . S
31%
49.6%945087Tanzania . C
31%
Z752612Zambia . P
31%
50.3%322463Cote d'Ivoire . T
30%
V916445Venezuela . S
30%
47.7%276841Ecuador . T
29%
N1267000Niger . C
29%
49.0%923768Nigeria . P
29%
42.6%26Tuvalu . N
29%
E1104300Ethiopia . B
28%
61.3%160Liechtenstein . S
28%
50.3%25713Macedonia . V
28%
38.1%61San Marino . T
28%
47.4%12189Vanuatu . B
28%
50.7%267668Gabon . G
27%
50.7%163610Tunisia . U
27%
48.5%468Andorra . S
26%
A1246700Angola . S
26%
47.3%5765Brunei . S
26%
M1240192Mali . A
26%
50.1%881912Pakistan . I
26%
51.1%83600United Arab Emirates . N
26%
65.5%1862Comoros . S
25%
55.8%261Saint Kitts and Nevis . L
25%
49.3%2842Samoa . C
25%
50.5%505992Spain . G
25%
49.0%147570Bangladesh . P
24%
50.1%825615Namibia . P
24%
50.1%41850Netherlands . E
24%
51.8%964São Tomé and Príncipe . A
24%
50.6%163820Suriname . A
24%
51.7%143100Tajikistan . S
24%
50.3%475442Cameroon . R
23%
50.3%21041El Salvador . L
23%
49.7%438317Iraq . G
23%
51.2%83871Austria . S
22%
31.4%811Kiribati . S
22%
50.4%2586Luxembourg . K
22%
M1030700Mauritania . T
22%
50.1%462840Papua New Guinea . L
22%
U447400Uzbekistan . R
22%
49.3%131990Greece . S
21%
49.7%10452Lebanon . T
21%
51.1%75417Panama . B
21%
50.1%238391Romania . M
21%
48.0%389Saint Vincent and the
Grenadines . M
21%
49.1%5130Trinidad and Tobago . L
21%
52.6%652230Afghanistan . M
20%
48.6%245857Guinea . N
20%
51.2%236800Laos . E
20%
46.5%181Marshall Islands . C
20%
49.2%41284Switzerland . I
20%
49.2%622984Central African Republic . P
19%
C756102Chile . G
19%
50.3%20770Israel . K
19%
52.4%10887Kosovo . C
19%
M801590Mozambique . J
19%
49.3%406752Paraguay . K
19%
49.7%619745South Sudan . O
19%
50.9%38394Bhutan . F
18%
49.7%117600Eritrea . L
18%
47.6%18272Fiji . C
18%
49.2%199951Kyrgyzstan . I
18%
49.9%309500Oman . N
18%
37.5%765Bahrain . G
17%
52.7%582000Botswana . B
17%
37.0%4033Cape Verde . M
17%
8.1%751Dominica . B
17%
49.0%214969Guyana . G
17%
47.1%377930Japan . S
17%
M587041Madagascar . N
17%
50.6%2040Mauritius . B
17%
49.0%120538North Korea . T
17%
50.2%312679Poland . N
17%
50.1%71740Sierra Leone . G
17%
49.1%450295Sweden . G
17%
T488100Turkmenistan . V
17%
57.3%430Barbados . M
16%
50.6%9251Cyprus . D
16%
45.0%344Grenada . M
16%
50.4%36125Guinea-Bissau . K
16%
51.5%103000Iceland . S
16%
54.9%64559Latvia . B
16%
87.2%300Maldives . U
16%
73.5%316Malta . A
16%
M676578Myanmar . F
16%
45.5%342353Philippines . B
16%
49.8%513120Thailand . U
16%
59.2%442Antigua and Barbuda . S
15%
50.0%338424Finland . B
15%
47.2%357114Germany . C
15%
61.7%10991Jamaica . T
15%
49.3%17818Kuwait . J
15%
49.7%118484Malawi . C
15%
50.7%330803Malaysia . U
15%
M446550Morocco
15%
49.7%65610Sri Lanka . M
15%
6.8%747Tonga . A
15%
47.3%242900United Kingdom . H
15%
67.9%331212Vietnam . U
15%
38.3%43094Denmark . V
14%
50.7%108889Guatemala . B
14%
46.3%112492Honduras . D
14%
49.4%89342Jordan . E
14%
42.1%130373Nicaragua . L
14%
47.1%56785Togo . E
14%
54.7%181034Uruguay . J
14%
47.3%30528Belgium . S
13%
46.9%272967Burkina Faso . B
13%
49.4%28051Equatorial Guinea . B
13%
50.6%45227Estonia . S
13%
53.0%238533Ghana . L
13%
50.1%65300Lithuania . L
13%
51.6%33846Moldova . S
13%
47.1%147181Nepal . I
13%
76.4%342000Republic of the Congo . M
13%
50.8%28748Albania . E
12%
49.7%13943Bahamas . Q
12%
60.6%207600Belarus . C
12%
47.8%56594Croatia . A
12%
6.1%702Federated States of
Micronesia . P
12%
47.7%70273Ireland . T
12%
46.1%270467New Zealand . U
12%
65.4%459Palau . I
12%
66.4%20273Slovenia . L
12%
49.0%185180Syria . H
12%
47.0%51209Bosnia and
Herzegovina . R
11%
50.7%181035Cambodia . P
11%
47.3%23200Djibouti . N
11%
51.7%14874East Timor . M
11%
50.2%93028Hungary . C
11%
46.5%30355Lesotho . B
11%
46.7%111369Liberia . G
11%
83.1%11586Qatar . F
11%
51.4%26338Rwanda . B
11%
4.5%616Saint Lucia . S
11%
63.7%452Seychelles . M
11%
6.3%710Singapore . S
11%
47.6%49037Slovakia . D
11%
51.3%17364Swaziland . G
11%
89.3%241550Uganda . T
11%
87.2%22966Belize . I
10%
41.3%112622Benin . D
10%
32.8%110879Bulgaria . M
10%
91.7%27834Burundi . M
10%
65.0%11295Gambia . S
10%
92.9%13812Montenegro . S
10%
50.9%92090Portugal . A
10%
51.5%36193Taiwan . H
10%
61.1%29743Armenia . M
9%
94.0%86600Azerbaijan . Z
9%
52.9%109884Cuba . S
9%
84.8%78865Czech Republic . C
9%
43.2%48671Dominican Republic . A
9%
62.6%69700Georgia . M
9%
76.7%27750Haiti . A
9%
63.9%28896Solomon Islands . E
9%
80.4%88361Serbia . M
8%

Score Distribution

Percentile by Number Answered

Percent of People with Each Score

Your Score History

You have not taken this quiz